000 00822nmm a2200265 a 4500
003 AR-BaBNM
005 20251128211533.0
008 154120s2000 ||||||||||||||000 | spa||
020 _a950-808-227-5
040 _cAR-BaBNM
245 1 0 _aAntología literaria santafesina
_bpara chicos de 3 a 5 años
260 _aRosario
_bHomo Sapiens Ediciones
_c2000
300 0 _a104 p.
_bfot.
_e1 cuadernillo
500 0 _aAcompaña la Antología un cuadernillo con propuestas de trabajo y reflexiones conceptuales básicas
650 4 _aLIBROS PARA NINOS
650 4 _aLITERATURA ARGENTINA
650 4 _aANTOLOGIAS
650 4 _aCUENTOS
651 4 _aSanta Fe
655 _aLITERATURA
700 1 _aMiretti, María Luisa
_ecompilador
700 1 _aSánchez Fantino, H.
_eilustrador
942 _cBK
998 _cEugenia
999 _c20084
_d20084